<?xml version="1.0" encoding="UTF-8"?>
<record
    xmlns:xsi="http://www.w3.org/2001/XMLSchema-instance"
    xsi:schemaLocation="http://www.loc.gov/MARC21/slim http://www.loc.gov/standards/marcxml/schema/MARC21slim.xsd"
    xmlns="http://www.loc.gov/MARC21/slim">

  <leader>02760nam a22001937a 4500</leader>
  <controlfield tag="008">120618t        xxu||||| |||| 00| 0 eng d</controlfield>
  <datafield tag="020" ind1=" " ind2=" ">
    <subfield code="a">0273693107</subfield>
  </datafield>
  <datafield tag="050" ind1=" " ind2=" ">
    <subfield code="a">HF5637.W86331</subfield>
  </datafield>
  <datafield tag="100" ind1=" " ind2=" ">
    <subfield code="a">Wood, Frank</subfield>
  </datafield>
  <datafield tag="245" ind1=" " ind2=" ">
    <subfield code="a">Business accounting 2. /</subfield>
    <subfield code="c">Frank Wood and Alan Sangster.</subfield>
  </datafield>
  <datafield tag="250" ind1=" " ind2=" ">
    <subfield code="a">10th ed.</subfield>
  </datafield>
  <datafield tag="260" ind1=" " ind2=" ">
    <subfield code="a">New York:</subfield>
    <subfield code="b">Prentice Hall,</subfield>
    <subfield code="c">c2005.</subfield>
  </datafield>
  <datafield tag="300" ind1=" " ind2=" ">
    <subfield code="a">xxii, 821 p.:</subfield>
    <subfield code="b">ill.;</subfield>
    <subfield code="c">24cm.</subfield>
  </datafield>
  <datafield tag="500" ind1=" " ind2=" ">
    <subfield code="a">Includes index.</subfield>
  </datafield>
  <datafield tag="505" ind1=" " ind2=" ">
    <subfield code="a">Contents: Special accounts -- Accounting for branches -- Hire purchase accounts -- Companies -- Limited companies general background -- The Issue of shares and debentures -- Companies purchasing and redeeming their own shares and debentures -- Limited companies taking over other businesses -- Taxation in company financial statements -- Provisions, reserves and liabilities -- The Increase and reduction of the share capital of limited companies -- Accounting standards and related documents -- The Financial statements of limited companies: balance sheets -- Published financial statements of limited companies: accompanying notes -- Cash flow statements -- Contract accounts -- Groups -- Group financial statements: an introduction -- Consolidation of balance sheets: basic mechanics (I) -- Consolidation of balance sheets: basic mechanics (II) -- Intercompany dealings: indebtedness and unrealised profit in stocks -- Consolidated financial statements: acquisition of shares in subsidiaries at different dates -- Intra-group dividends -- Consolidated balance sheets: sundry matters -- Consolidation of the financial statements of a vertical group of companies -- Consolidated profit and loss accounts -- Consolidated financial statements: acquisitions and mergers -- Standards covering subsidiary and associated undertakings and joint ventures -- Financial analysis -- Accounting ratios -- Interpretation of financial statements -- Issues in financial reporting -- Accounting theory -- Current cost accounting -- Social accounting -- Corporate governance -- Public sector accounting -- Accounting for management control -- Costing -- Elements of costing -- Absorption and marginal costing -- Job, batch and process costing -- Budgeting and budgetary control -- Cash budgets -- Co-ordination of budgets -- Standard costing and variance analysis -- Standard costing -- Materials and labour variances -- Overhead and sales variances -- Planning, control and decision making -- Break-even analysis -- Interest, annuities and leasing -- Capital expenditure appraisal -- The Balanced scorecard -- The Emerging business environment of accounting -- The Supply chain and enterprise resource planning systems -- E-commerce and accounting -- Appendices.</subfield>
  </datafield>
  <datafield tag="650" ind1=" " ind2=" ">
    <subfield code="b">Accounting</subfield>
  </datafield>
  <datafield tag="700" ind1=" " ind2=" ">
    <subfield code="a">Sangster, Alan</subfield>
  </datafield>
  <datafield tag="942" ind1=" " ind2=" ">
    <subfield code="2">lcc</subfield>
    <subfield code="c">BK</subfield>
  </datafield>
  <datafield tag="999" ind1=" " ind2=" ">
    <subfield code="c">1405</subfield>
    <subfield code="d">8905</subfield>
  </datafield>
  <datafield tag="952" ind1=" " ind2=" ">
    <subfield code="0">0</subfield>
    <subfield code="1">0</subfield>
    <subfield code="2">lcc</subfield>
    <subfield code="4">0</subfield>
    <subfield code="7">0</subfield>
    <subfield code="a">WIUC-1</subfield>
    <subfield code="b">WIUC-1</subfield>
    <subfield code="c">GEN</subfield>
    <subfield code="d">2012-06-18</subfield>
    <subfield code="l">0</subfield>
    <subfield code="o">HF5637.W86331</subfield>
    <subfield code="p">3083/12</subfield>
    <subfield code="r">2012-06-18 00:00:00</subfield>
    <subfield code="w">2012-06-18</subfield>
    <subfield code="y">BK</subfield>
  </datafield>
</record>
